Statistics for Flowers A-Z

Click here to take the quiz!

General Stats

  • This quiz has been taken 40 times
  • The average score is 13 of 23

Answer Stats

LetterHintAnswer% Correct
RValentine's Day flower of choiceRose
97%
JAladdin's princessJasmine
88%
TThe Netherlands are famously known for this flowerTulip
88%
ISomething in your eyesIris
85%
VA female name and a colourViolet
85%
LA popular name, this flower reprensents purityLily
76%
SDoesn't like the moon?Sunflower
74%
OOddly-shaped delicate flowers famously difficult to take care ofOrchid
71%
EFamously sung about in The Sound of MusicEdelweiss
65%
AIn Greek, in means 'star'Aster
59%
HInfused, it becomes bright red teaHibiscus
59%
CMother's Day flowersCarnation
53%
DAssociated with one of the most famous unsolved murdersDahlia
53%
MA film starring Julianne Moore and Tom CruiseMagnolia
53%
NFamous character from Greek MythologyNarcissus
50%
F3 words to remember...Forget Me Not
47%
PTricolor flower that grows in gardensPansy
44%
WAlso called a nymphWaterlily
38%
ZMostly present in MexicoZinnia
29%
QThe lace of a monarchQueen Ann's Lace
24%
YA flower usually grown for its foliageYucca
24%
BOften believed to originate from BrazilBegonia
15%
GThis flower resembles colourful daisiesGerbera
15%

Score Distribution

Percentile by Number Answered

Percent of People with Each Score

Your Score History

You have not taken this quiz